000 00519nam a2200229Ia 4500
003 IT-RoPAU
008 120407s9999 xx 000 0 und d
040 _aIT-RoPAU
040 _cIT-RoPAU
041 _aita
100 _aDante Alighieri
245 _aTutte le opere. A cura di Fredi Chiappelli. Edizione del Centenario. 5 ed.
250 _aMilano
260 _aMursia
260 _c1965
300 _a1169 p.
300 _c21,5 cm
490 _aLe Corone
490 _v1
942 _cBK
999 _c24573
_d24573